Triangular norm-based measures and games with fuzzy coalitions

Saved in:
Bibliographic Details
Main Author: Butnariu, Dan
Other Authors: Klement, Erich Peter
Format: Book
Language:English
Published: Dordrecht ; Boston : Kluwer Academic publishers, c1993
Series:Theory and decision library. Game theory, mathematical programming, and operations research ; ; 10; Series C
Subjects:
Tags: Add Tag
No Tags, Be the first to tag this record!

MARC

LEADER 00000nam a2200000 i 4500
001 1/84430
008 990628s1993 eng d
020 |a 0-7923-2369-6 
035 |l 10051606 
040 |a GR-MY-UA  |b gre  |e aacr 
041 0 |a eng 
082 0 |a 519.3 
100 1 |a Butnariu, Dan. 
245 1 0 |a Triangular norm-based measures and games with fuzzy coalitions /  |c Dan Butnariu, Erich Peter Klement 
260 |a Dordrecht ; Boston :   |b Kluwer Academic publishers,   |c c1993 
300 |a ix, 200 p.;  |b ill.;  |c 25 cm. 
490 1 |a Theory and decision library. Game theory, mathematical programming and operations research  |v ; 10; Series C 
500 |a Includes bibliographical references and index 
650 0 0 |a Game theory. 
650 0 0 |a Fuzzy sets. 
700 1 |a Klement, Erich Peter. 
830 0 |a Theory and decision library. Game theory, mathematical programming, and operations research ;  |v ; 10; Series C 
852 |a INST  |b SAMOS  |e 19990628  |h 519.3 BUT  |p 005300015008  |q 005300015008  |t BK  |y 0 
901 |a BIBL3-1999-2 
909 |a Σ  |b 065933 
922 |a 3ΕΛΗ  |b 199905  |c ΚΠΣ  |d GLORY 
970 |a Γενούζου  |b Χρυσάνθη  |z 1999/06/28